सावधान सीक्रेट सेव्हन / (Record no. 61300)

MARC details
000 -LEADER
fixed length control field 01156nam a22002537a 4500
005 - DATE AND TIME OF LATEST TRANSACTION
control field 20120112143825.0
008 - FIXED-LENGTH DATA ELEMENTS--GENERAL INFORMATION
fixed length control field 120112t xxu||||| |||| 00| 0 mar d
010 ## - LCCN (DPL NO)
LC control number MAR-21890
020 ## - INTERNATIONAL STANDARD BOOK NUMBER
Terms of availability 80.00
035 ## - SYSTEM CONTROL NUMBER
System control number MR-14548
037 ## - SOURCE OF ACQUISITION
Source of stock number/acquisition DBAD/PUB
040 ## - CATALOGING SOURCE
Original cataloging agency DPL
Language of cataloging MR
082 ## - DEWEY DECIMAL CLASSIFICATION NUMBER
Classification number 823
100 ## - MAIN ENTRY--PERSONAL NAME
Personal name ब्लायटन,एनिड
9 (RLIN) 39079
245 ## - TITLE STATEMENT
Title सावधान सीक्रेट सेव्हन /
Statement of responsibility, etc एनिड ब्लायटन ; प्रियंका कुलकर्णी द्वारा अनुवादित
246 ## - VARYING FORM OF TITLE
Title proper/short title Savdhan Secret Seven
Remainder of title by Enid Blyton
260 ## - PUBLICATION, DISTRIBUTION, ETC. (IMPRINT)
Place of publication, distribution, etc पुणे
Name of publisher, distributor, etc मेहता पब्लिशिंग हाऊस
Date of publication, distribution, etc 2009
270 ## - ADDRESS
Address 1941,सदाशिव पेठ,
City पुणे
Postal code 411030
300 ## - PHYSICAL DESCRIPTION
Extent 82पृ.
Dimensions 21सेमी(अजिल्द)
490 ## - SERIES STATEMENT
Series statement The secret seven 14
-- 39898
700 ## - ADDED ENTRY--PERSONAL NAME
Personal name कुलकर्णी,प्रियंका
9 (RLIN) 39769
942 ## - ADDED ENTRY ELEMENTS (KOHA)
Source of classification or shelving scheme Dewey Decimal Classification
Item type Marathi Books
Call number suffix ब्लायट
Classification part 823
Holdings
Withdrawn status Lost status Source of classification or shelving scheme Damaged status Not for loan Collection code Home library Current library Date acquired Source of acquisition Cost, normal purchase price Total Checkouts Full call number Barcode Date last seen Copy number Cost, replacement price Koha item type
    Dewey Decimal Classification   Not For Loan Fiction D.B.Act.Division D.B.Act.Division 20/01/2012 DBAD/PUB 80.00   823 ब्लायट MR-14548 20/01/2012 1 80.00 Marathi Books

© Delhi Public Library
Hit Counter
free hit counter